Zlyhali v útočnej hre Slovensko-Maďarsko 47:60 (10:15, 21:27, 32:41) na turnaji basketbalistiek v Poľsku

Bibliographic Details
Format: Article
Language:Slovak
ISSN:0139-7001
Subjects:

MARC

LEADER 00000nab a2200000 a 4500
001 vtls000765675
003 SK-MaSNL
005 20260302153318.0
008 180206c2001 xo 0 slo
015 |a SNBRB2001/08-22909 
035 |a CLN000117462 
040 |a SNKBUCL  |b slo  |c SNKBUCL  |e AACR2 
041 0 |a slo 
044 |a xo  |c SK 
080 |a 796.323.093.1  |2 UDC-MRF-SK2 
245 0 0 |a Zlyhali v útočnej hre  |b Slovensko-Maďarsko 47:60 (10:15, 21:27, 32:41) na turnaji basketbalistiek v Poľsku 
650 0 7 |a basketbal  |x ženy  |x Slovensko-Maďarsko  |z Spala (Poľsko)  |y 2001  |2 snkbucl  |9 848143 
655 7 |a články z novín a časopisov  |2 snkbucl  |9 267496 
773 0 |x 0139-7001  |t Šport  |g Roč. 55, č. 191 (18.8.2001), s. 6 
850 |a Slovenská národná knižnica v Martine 
852 |a SNK  |b KIS3GCP 
958 |a RBX 
999 |c 1365049  |d 1366979